000 00589nam a22001577a 4500
003 OSt
005 20151003100001.0
008 151003b xxu||||| |||| 00| 0 eng d
040 _cRUA
082 _aAVM KHE 1996 B069 Or.1
100 _91852
_aKHEM CHAN VIRAK
245 _aThe impact of credit on living condition of the farmers in chak village, ឥទ្ធិពលឥណទានលើជីវភាពប្រជាកសិករ ភូមិចក​(ខេត្តព្រៃវែង)
260 _aphnom penh
_bRUA
_c1996
300 _a72p.
_bill.
_c29cm.
942 _2ddc
_cAVM
999 _c1749
_d1749